| 000 | 00554nam a22001577a 4500 | ||
|---|---|---|---|
| 020 | _qHard Cover. | ||
| 082 | _a200 | ||
| 100 | _aAyub Muhammad Aamar | ||
| 245 |
_aSEISMIC VULNERABILITY ASSESSMENT OF REINFORCED CONCRETE BUILDINGS WITH VERTICAL SETBACK IRREGULARITES / _cMuhammad Aamar Ayub |
||
| 260 |
_aIslamabad : _bMCE -NUST, |
||
| 300 |
_axv, 124 p. : ill. ; _c30cm. |
||
| 650 |
_aMS-Structural Engineering- _927335 |
||
| 700 |
_aSupervisor. Muhammad Rizwan _9126647 |
||
| 942 |
_2ddc _cTHE |
||
| 999 |
_c540570 _d540570 |
||